| 000 | 00000nam##2200000za#4500 |
| 001 | 9.574299 |
| 003 | CaOODSP |
| 005 | 20210624184121 |
| 007 | cr ||||||||||| |
| 008 | 150406|2007||||xxc|||||o f|0| 0 eng|d |
| 022 | |a1488-5379 |
| 040 | |aCaOODSP|beng |
| 043 | |an-cn--- |
| 086 | 1 |aFs97-6/2742E-PDF |
| 110 | 1 |aCanada. |bDepartment of Fisheries and Oceans. |
| 245 | 10|aSurvey results of green sea urchin (Strongylocentrotus droebachiensis) populations in Queen Charlotte Strait, British Columbia, October, 2006 / |h[electronic resource]|cby B. J. Waddell and R. I. Perry. |
| 260 | |aNanaimo - British Columbia : |bFisheries and Oceans Canada |c2007. |
| 300 | |a57p.|bcoloured maps, graphs, references, tables |
| 490 | 1 |aCanadian technical report of fisheries and aquatic sciences|x1488-5379|v2742 |
| 500 | |aThe catalogue number ([Fs]97-6/2742E) and ISSN (0706-6457) for the print edition have been incorrectly copied in this electronic publication. |
| 546 | |a(Résumé en français) |
| 590 | |a12-29-Supp|b2012-06-25 |
| 720 | 1 |aWaddell, B. J. |
| 720 | 1 |aPerry, R. I. |
| 776 | 0#|tSurvey results of green sea urchin (Strongylocentrotus droebachiensis) populations in Queen Charlotte Strait, British Columbia, October, 2006 / |w(CaOODSP)9.618561 |
| 830 | #0|aCanadian technical report of fisheries and aquatic sciences,|x1488-5379|v2742|w(CaOODSP)9.504449 |
| 856 | 40|ahttp://publications.gc.ca|qPDF|s660 KB|uhttps://publications.gc.ca/collections/collection_2012/mpo-dfo/Fs97-6-2742-eng.pdf|y2742 |